Logo BPK

Biblioteka

Politechniki Koszalińskiej

Wielki słownik francusko-polski = (Rekord nr 19330)

Szczegóły MARC
000 -ETYKIETA REKORDU
podpole kontrolne o stałej długości 01102nam a2200301 i 4500
001 - NUMER KONTROLNY REKORDU
pole kontrolne 19330
003 - IDENTYFIKATOR NUMERU KONTROLNEGO REKORDU
podpole kontrolne KOSZ 005
005 - DATA OSTATNIEJ MODYFIKACJI REKORDU
podpole kontrolne 20200423133000.0
008 - POLE O STAŁEJ DŁUGOŚCI - DANE KONTROLNE
podpole kontrolne o stałej długości 981106s1980 pl d |000 0 fre
015 ## - NUMER BIBLIOGRAFII NARODOWEJ
Numer bibliografii narodowej PB 1980/6148
020 ## - MIĘDZYNARODOWY ZNORMALIZOWANY NUMER KSIĄŻKI - ISBN
ISBN 8321400647
020 ## - MIĘDZYNARODOWY ZNORMALIZOWANY NUMER KSIĄŻKI - ISBN
ISBN 8321400655
035 ## - NUMER SYSTEMOWY
Numer systemowy przejętego rekordu (OCoLC)835907091
040 ## - ŹRÓDŁO KATALOGOWANIA
Instytucja, która sporządziła opis WA N
Instytucja, która utworzyła rekord WA N
Instytucja, która dokonała modyfikacji KOSZ 005/HR
041 0# - KOD JĘZYKA
Kod języka tekstu fre
-- pol
080 ## - UNIWERSALNA KLASYFIKACJA DZIESIĘTNA - UKD
UKD 811.133.1:811.162.1'374
245 00 - TYTUŁ/ODPOWIEDZIALNOŚĆ
Tytuł Wielki słownik francusko-polski =
Ciąg dalszy tytułu Grand dictionnaire français-polonais.
Oznaczenie części/sekcji dzieła T. 1,
Tytuł części/sekcji dzieła A-L /
Pozostałe elementy strefy tytułu i oznaczenia odpowiedzialności [oprac. Stefania Ciesielska-Borkowska et al.].
246 31 - WARIANT TYTUŁU
Tytuł Grand dictionnaire français-polonais.
260 ## - STREFA ADRESU WYDAWNICZEGO
Miejsce wydania Warszawa :
Nazwa wydawcy/dystrybutora "Wiedza Powszechna",
Data publikacji, dystrybucji/powstania dokumentu 1980.
300 ## - STREFA OPISU FIZYCZNEGO
Objętość XV, [1], 1048 s. ;
Rozmiary 24 cm.
380 ## - FORMA I TYP PUBLIKACJI
Forma i typ publikacji Książki
658 ## - TERMIN INDEKSOWY - PRZEDMIOT PROGRAMU NAUCZANIA
Główny przedmiot programu nauczania Językoznawstwo
655 #4 - TERMIN INDEKSOWY - OKREŚLENIE RODZAJU/FORMY DOKUMENTU
Określenie rodzaju/formy dokumentu Słownik francusko-polski
700 1# - HASŁO DODATKOWE - NAZWA OSOBOWA
Nazwa osobowa Ciesielska-Borkowska, Stefania
Daty związane z nazwą (1889-1966).
Określenie związku między hasłem a opisywanym materiałem Opracowanie
710 2# - HASŁO DODATKOWE - NAZWA CIAŁA ZBIOROWEGO
Nazwa ciała zbiorowego lub jednostki geograficznej Państwowe Wydawnictwo Wiedza Powszechna
Kod określenia powiązania pbl.
856 ## - LOKALIZACJA I DOSTĘP DO ELEKTRONICZNYCH DOKUMENTÓW ZDALNYCH
Link (URL) http://koha.tu.koszalin.pl/cgi-bin/koha/opac-detail.pl?biblionumber=19330
Tekst linku Katalog online BPK
942 ## - DODATKOWE ELEMENTY (KOHA)
Schemat klasyfikacji Uniwersalna Klasyfikacja Dziesiętna
Typ dokumentu Książka
Egzemplarze
Wycofany Status egzemplarza Uszkodzony Dostępność Lokalizacja stała Lokalizacja bieżąca Miejsce przechowywania Sygnatura Kod kreskowy Typ dokumentu
      Dostępny Biblioteka Politechniki Koszalińskiej Biblioteka Politechniki Koszalińskiej Wypożyczalnia BG 27159 02186863 Książka
© 2023 Biblioteka Politechniki Koszalińskiej :: KOHA